THE OCEAN OF THE OSOPHY (Record no. 85536)

MARC details
000 -LEADER
fixed length control field 00454nam a2200181Ia 4500
008 - FIXED-LENGTH DATA ELEMENTS--GENERAL INFORMATION
fixed length control field 090124s9999 xx 000 0 und d
082 ## - DEWEY DECIMAL CLASSIFICATION NUMBER
Item number 7495
100 ## - MAIN ENTRY--PERSONAL NAME
Personal name JUDGE WILLIAM Q.
245 ## - TITLE STATEMENT
Title THE OCEAN OF THE OSOPHY
250 ## - EDITION STATEMENT
Edition statement 0
260 ## - PUBLICATION, DISTRIBUTION, ETC. (IMPRINT)
Name of publisher, distributor, etc THE THEOSOPHY COMPANY
Date of publication, distribution, etc 1937
300 ## - PHYSICAL DESCRIPTION
Extent 162
600 ## - SUBJECT ADDED ENTRY--PERSONAL NAME
Personal name JUDGE WILLIAM Q.
630 ## - SUBJECT ADDED ENTRY--UNIFORM TITLE
Uniform title THE OCEAN OF THE OSOPHY
700 ## - ADDED ENTRY--PERSONAL NAME
Personal name JUDGE WILLIAM Q.
730 ## - ADDED ENTRY--UNIFORM TITLE
Uniform title THE OCEAN OF THE OSOPHY
942 ## - ADDED ENTRY ELEMENTS (KOHA)
Koha item type Book
Holdings
Withdrawn status Lost status Damaged status Not for loan Home library Current library Date acquired Cost, normal purchase price Total Checkouts Full call number Barcode Date last seen Cost, replacement price Price effective from Koha item type
        Nagar Wachan Mandir, Thane Nagar Wachan Mandir, Thane   0.00   7495 THNNWM-7495 01/24/2009 0.00 01/24/2009 Book